Market analysis (Record no. 78312)
[ view plain ]
| 000 -LEADER | |
|---|---|
| fixed length control field | 01346cab a2200205 4500 |
| 001 - CONTROL NUMBER | |
| control field | L136485 |
| 008 - FIXED-LENGTH DATA ELEMENTS--GENERAL INFORMATION | |
| fixed length control field | 070202n2007 000 0 eng u |
| 035 ## - SYSTEM CONTROL NUMBER | |
| System control number | (Sirsi) u136485 |
| 041 0# - LANGUAGE CODE | |
| Language code of text/sound track or separate title | eng |
| 110 2# - MAIN ENTRY--CORPORATE NAME | |
| Corporate name or jurisdiction name as entry element | Estates Gazette Interactive |
| 9 (RLIN) | 4921 |
| 245 00 - TITLE STATEMENT | |
| Title | Market analysis |
| Remainder of title | London office database |
| -- | issue 4 Oct-Dec 2006 |
| 260 ## - PUBLICATION, DISTRIBUTION, ETC. | |
| Date of publication, distribution, etc. | 2007 |
| 490 ## - SERIES STATEMENT | |
| Series statement | Estates Gazette |
| Volume/sequential designation | (0704) 27 January 2007, (20) |
| 520 ## - SUMMARY, ETC. | |
| Summary, etc. | Despite a disappointing start to 2006 that was slow across all markets, it was a successful year for the London commercial property market, with take up approximately 300 000 sq m higher than 2005. Supply has continued to deplete through the year and now stands at its lowest level since the start of 2002. It has been the financial occupiers that have been responsible for most letting activity in 2006 and there has been no slowdown in the investment market. Availability rates will be pushed upwards due to the predicted drop in employment levels in 2008 and there will be a negative impact on rents as companies begin to place their suplus space onto the market at a time when demand is decreasing. Looking forward to 2007 however, the outlook is much more positive. |
| 590 ## - LOCAL NOTE (RLIN) | |
| Local note | KA |
| 650 24 - SUBJECT ADDED ENTRY--TOPICAL TERM | |
| Topical term or geographic name entry element | LONDON OFFICE DATABASE |
| 651 #4 - SUBJECT ADDED ENTRY--GEOGRAPHIC NAME | |
| Geographic name | LONDON |
| 690 ## - LOCAL SUBJECT ADDED ENTRY--TOPICAL TERM (OCLC, RLIN) | |
| Topical term or geographic name as entry element | PROPERTY-COMMERCIAL PROPERTY-OFFICE PROPERTY-OFFICES |
| 942 ## - ADDED ENTRY ELEMENTS (KOHA) | |
| Suppress in OPAC | 0 |
| Withdrawn status | Lost status | Source of classification or shelving scheme | Damaged status | Not for loan | Home library | Current library | Shelving location | Date acquired | Total Checkouts | Full call number | Barcode | Date last seen | Copy number | Price effective from | Koha item type |
|---|---|---|---|---|---|---|---|---|---|---|---|---|---|---|---|
| Dewey Decimal Classification | London | London | Journal article | 02/02/2007 | L136485 | 136485-1001 | 06/08/2019 | 1 | 06/08/2019 | Journal article |